000 00314nam a22001337a 4500
008 181102b xxu||||| |||| 00| 0 eng d
020 _a9781587785825
041 _aeng
080 _25 ED
_a341
100 _a15
101 _aJUR
245 _aEmployment Law Cases ASnd Materials
_cMark.AR
942 _2udc
_cBK
999 _c51713
_d51713